Statistics for Greek Mythology #2

Click here to take the quiz!

General Stats

  • This quiz has been taken 56 times
  • The average score is 7 of 10

Answer Stats

QuestionAnswer% Correct
Medusa was a monster famous for...for having snakes on her head
100%
Which was the name of Jason's and his crew's, Argonauts, ship?Argo
93%
What did the riddle of the Sphinx say?“What goes on fours in the morning, on twos in the afternoon and on threes at night?”
89%
According to Euripides' tragedy, Medea killed her children ....to take vengeance on her unfaithful husband Jason
80%
Circe turned Odysseus' men into...Pigs
76%
...and the correct answer to this riddle?A human being
76%
Who shot Achilles to death?Paris
75%
Hestia was the goddess of...?Home
75%
Deimos ("Terror") and Phobos ("Fear") were the kids of which god and goddess?Ares and Aphrodite
56%
Agamemnon had to sacrifice his daughter Iphigenia to which goddess?Artemis
29%

Score Distribution

Percentile by Number Answered

Percent of People with Each Score

Your Score History

You have not taken this quiz